00895nam a22002537a 45000010005000000030006000050050017000110080041000280400029000690500008000980820011001061000020001172450079001372500041002162600029002573000045002865050007003315200180003385210018005185210018005366500025005546500029005797000033006087812FISKH20250811101531.0250811b cb ||||| |||| 00| 0 eng d aFISKHbengcFISKHdFISKH aPZ7 a823.92 aPunter, Russell aChicken licken /cRetold by Russell Punter ; Illustrated by Ann Kronheimer aThis edition first published in 2007 aLondon :bUsborne,c2007 a48 pages :bcolor illustrations ;c20 cm aJ  aThis volume is aimed at children who are beginning to read by themselves. It contains clear and compelling text that allows children to build their burgeoning reading skills. 8 a470 bLexile 8 aJ bRaz-Plus  2UsborneaFairy tales 2Leveled ReadersaChimbai aKronheimer, Anndillustrator